000 00945cgm a2200265 4500
001 B3207
008 090401t1988 xxu||||| |||| 00| 0 eng d
035 _a(Sirsi) u54727
041 _aeng
050 _a333.332
100 _aDixon, Tim
245 _aModern valuation techniques and micro computers (sound recording)
260 _aLondon
_bRoyal Institution of Chartered Surveyors
_c1988
300 _a1 sound cassette (60 min.)
350 _a10
490 _aOwlion Audio Programme
520 _aPublished jointly with the College of Estate Management . Discusses conventional valuation techniques as applied to commercial property investments plus alternative valuation methods. The role of microcomputers and software are also examined.
650 _aAUDIO CASSETTES
700 _aMackmin, David
700 _aHickson, Ron
700 _aLochrane, Charles
700 _aGilbert, Michael
942 _n0
948 _c04/03/1997
999 _c85297
_d85297